| 000 | 02770cam a2200301 4500 | ||
|---|---|---|---|
| 001 | 7262 | ||
| 008 | 040922s2005 gw ab b 100 0 eng | ||
| 010 | _a2004113933 | ||
| 020 | _a3540226133 (hbk.) | ||
| 082 | 0 | 0 |
_a338/.064 _222 |
| 100 |
_aCantner, Uwe _b _c _d _eeditor _q |
||
| 110 | 2 |
_aInternational Schumpeter Society. _bMeeting _n(9th : _d2002 : _cGainesville, Fla.) |
|
| 245 | 1 | 0 |
_aEntrepreneurship, the new economy and public policy : _bSchumpeterian perspectives / _cUwe Cantner, Elias Dinopoulos, Robert F. Lanzillotti, editors |
| 260 |
_aBerlin ; _aNew York : _bSpringer, _cc2005 |
||
| 300 |
_avi, 345 p. : _bill., map ; _c25 cm |
||
| 500 | _aPapers presented at the 9th International Joseph A. Schumpeter Society Congress held in 2002 at the University of Florida in Gainesville | ||
| 504 | _aIncludes bibliographical references | ||
| 505 |
_aEditorial.- Reflections on the Schumpeter I knew well.- Schumpeter, product innovation and public policy: the case of cigarettes.- Risk, variety and volatility: growth, innovation and stock prices in early industry evolution.- Social networks and industrial geography.- Growing Silicon Valley on a landscape: an agent-based approach to high-tech industrial clusters.- The theory of the firm and the markets for strategic acquisitions.- The growth of commercialization - facilitating organizations and practices: A Schumpeterian perspective.- On the macroeconomic effects of establishing tradability in weak property rights.- Capital in the new economy: A Schumpeterian perspective.- A comparative perspective on innovation and productivity in manufacturing and services.- Tracing empirical trails of Schumpeterian development.- Towards an evolutionary interpretation of aggregate labor market regularities.- An evolutionary model of international competition and growth.- Innovation and growth in Germany over the past 150 years.- Nonlinear dynamism of innovation and business cycles.- The dynamic effects of general purpose technologies on Schumpeterian growth. _g _r _t |
||
| 520 | _aSilicon Valley is the most salient example of high-tech industrial clusters. A high-tech industrial cluster such as Silicon Valley is characterized by c- centratedentrepreneurship. Weproposeanagent- basedcomputationalmodeltoshowhow high-tech industrial clusters could emerge in a landscape in which no ?rms existed originally. | ||
| 600 | 1 | 0 |
_aSchumpeter, Joseph A., _d1883-1950 _vCongresses |
| 650 | 0 |
_aEntrepreneurship _vCongresses |
|
| 650 | 0 |
_aEvolutionary economics _vCongresses |
|
| 650 | 0 |
_aTechnological innovations _xEconomic aspects _vCongresses |
|
| 700 | 1 | _aCantner, Uwe | |
| 700 | 1 | _aDinopoulos, Elias | |
| 700 | 1 |
_aLanzillotti, Robert Franklin, _d1921- |
|
| 999 |
_c6186 _d6186 |
||